1262 1378 1691 1475 1553 1581 1163 1812 1653 1177 1928 1708 1374 1275 1507 1238 1392 1723 1147 1588 1997 1315 1764 1089 1808 1106 1714 1783 1623 1557 1894 1899 1412 1368 1819 1259 1124 1974 1702 1304 1329 1245 1224 1131 1085 1978 1484 1264 1497 1455 1589 1130 1290 1602 1167 1502 1317 1540 1776 1388 1359 1840 1241 1739 1737 1054 1908 1039 1290 1189 1548 1955 1439 1406 1165 1074 1160 1368 1017 1140 1299 1080 1381 1405 1762 1129 1286 1176 1578 1940 1377 1268 1929 1939 1742 1701 1275 1249 1902 BCNSPRNW ULIB Ver.6.0+V

เปลี่ยนเป็นภาษาไทย

Change to English
 แสดงรายละเอียดบรรณานุกรม
  กลับหน้าหลัก

Brief Record : Get Marc (ISO 2709) : E-mail record : QR code < ปิดหน้าต่าง
LEADER : 00000nam 2200000uu 4500
001    13399114305
003     ULIB
008    120321s2553||||th 000 0 tha d
020    ^a9786165000512
090    ^aนว.^bก832ม 2553
100 0  ^aเก้าแต้ม
245 00 ^aมายาร้อยใจ/^cเก้าแต้ม
250    ^aพิมพ์ครั้งที่ 2
260    ^aกรุงเทพฯ :^bพิมพ์คำ,^c2553
300    ^a413 หน้า
710 1  ^aพิมพ์คำ
945    ^p260^l0^i16994
995    ^aกัณชพร
999    ^aใช้งานได้ทุกระบบ
รายการนี้ยังไม่มีแท็ก
คุณยังไม่ได้ล็อกอิน คุณสามารถมีกิจกรรมร่วมกับเว็บไซต์ได้ แต่ต้องล็อกอินก่อน ::
  ล็อกอิน

รายการสื่อสารสนเทศ

ลำดับที่ ประเภท เลขเรียก/บาร์โค้ด สถานที่ สถานะ
1. วิทยาศาสตร์การแพทย์ และสุขภาพ
วิทยาศาสตร์การแพทย์ และสุขภาพ
นว. ก832ม 2553  
  Barcode: 16994
ห้องสมุดวิทยาเขตสวรรค์ประชารักษ์
►นวนิยาย
บนชั้น
  ขอยืม

รายการใกล้เคียง
    ผู้แต่ง [เก้าแต้ม]

BibComment


ยังไม่เคยถูกคอมเมนท์

คอมเมนท์ทรัพยากรรายการนี้
  คอมเมนท์: มายาร้อยใจ เก้าแ..


 Copyright 2026. Bcnsprnw @Library